Aspekte lesbischer und schwuler emanzipation in kommunalverwaltungen

שמור ב:
מידע ביבליוגרפי
מחבר ראשי: Kokula Ilse
פורמט: ספר
שפה:אנגלית
יצא לאור: [Berlin] Senatsverwaltung fur Frauen Jugend und Familie [1990]
סדרה:Dokumente des Referats fur gleichgeschlechtliche Lebensweisen n. 2 (1994)
נושאים:
תגים: הוספת תג
אין תגיות, היה/י הראשונ/ה לתייג את הרשומה!

MARC

LEADER 00000nam a2200000 4500
001 CDOM0000002208
003 mi
005 20250913183740.0
008 250913b |||||||| |||| 00| 0 eng d
040 |c mi 
100 |a Kokula  |b Ilse 
245 1 |a Aspekte lesbischer und schwuler emanzipation in kommunalverwaltungen  |c Ilse Kokula ... [et al.] 
260 |a [Berlin]  |b Senatsverwaltung fur Frauen Jugend und Familie  |c [1990] 
300 |a 166 p.  |c 21 cm. 
490 |a Dokumente des Referats fur gleichgeschlechtliche Lebensweisen  |v n. 2 (1994) 
500 |a Numero monografico di: Dokumente des Referats fur gleichgeschlechtliche Lebensweisen. 
610 |a Omosessuali - Diritti - Germania 
610 |a Omosessuali - Ambiente sociale - Germania 
942 |2 ddc  |c BK 
952 |0 0  |1 0  |2 ddc  |4 0  |6 B_SSR04SENFRASP11  |7 0  |9 5854  |a MI  |b MI  |d 2002-09-23  |i 4256  |l 0  |o B-SSR04-SENFR-ASP11  |p CDOM4256  |r 2025-07-13 16:28:00  |w 2025-07-13  |x DONO  |y BK 
999 |c 4675  |d 4675